Publishing and presenting clinical research (Record no. 16071)

MARC details
000 -LEADER
fixed length control field 00598nam a22001937a 4500
008 - FIXED-LENGTH DATA ELEMENTS--GENERAL INFORMATION
fixed length control field 160921b xxu||||| |||| 00| 0 eng d
020 ## - INTERNATIONAL STANDARD BOOK NUMBER
International Standard Book Number 1451115903
040 ## - CATALOGING SOURCE
Original cataloging agency KABU
Transcribing agency KABU
050 ## - LIBRARY OF CONGRESS CALL NUMBER
Classification number R852
Item number .B76 2012 C.1
100 ## - MAIN ENTRY--PERSONAL NAME
Personal name Browner, Warren S.
245 ## - TITLE STATEMENT
Title Publishing and presenting clinical research
Statement of responsibility, etc. by Warren S. Browner
250 ## - EDITION STATEMENT
Edition statement 3rd ed.
260 ## - PUBLICATION, DISTRIBUTION, ETC. (IMPRINT)
Place of publication, distribution, etc. Philadelphia
Name of publisher, distributor, etc. Lippincott Williams & Wilkins
Date of publication, distribution, etc. 2012
300 ## - PHYSICAL DESCRIPTION
Extent ix, 214 p.
650 ## - SUBJECT ADDED ENTRY--TOPICAL TERM
Source of heading or term Publishing
650 ## - SUBJECT ADDED ENTRY--TOPICAL TERM
Source of heading or term Biomedical research
650 ## - SUBJECT ADDED ENTRY--TOPICAL TERM
Source of heading or term Writing
942 ## - ADDED ENTRY ELEMENTS (KOHA)
Source of classification or shelving scheme Library of Congress Classification
Koha item type General Collection
Edition 3rd ed.
Classification part R852 .P76 2012 C.1
Holdings
Withdrawn status Lost status Source of classification or shelving scheme Not for loan Home library Current library Shelving location Date acquired Cost, normal purchase price Total Checkouts Full call number Barcode Date last seen Date last checked out Copy number Price effective from Koha item type
    Library of Congress Classification   Kabarak, Main Campus Kabarak, Main Campus General Stacks 21/09/2016 13297.57 1 R852 .B76 2012 C.1 026805 29/06/2021 14/06/2021 C.1 21/09/2016 General Collection
Designed with assistance from East African Informatics Ltd